Visualizzazione normale
Vista MARC
- Florenskij, Pavel Aleksandrovič,
di Personal Name
Records bibliografici associati: 1
001 - CONTROL NUMBER
- control field: 58430
003 - CONTROL NUMBER IDENTIFIER
- control field:
005 - DATE AND TIME OF LATEST TRANSACTION
- control field: 20200904170612.0
008 - FIXED-LENGTH DATA ELEMENTS
- fixed length control field: 200904|| aca||aabn | a|a d
040 ## - CATALOGING SOURCE
- Original cataloging agency:
- Transcribing agency:
100 ## - HEADING--PERSONAL NAME
- Personal name: Florenskij, Pavel Aleksandrovič,
- Dates associated with a name: 1882-1937
670 ## - SOURCE DATA FOUND
- Source citation: Work cat.: ()0: Florenskij, Pavel Aleksandrovič, 1882-1937., La filosofia del culto /, ©2016.